Score 0/16 Timer 05:00
1 Play Today
% Correct
Taylor Swift
92.7%
Paris Hilton
91.6%
Angelina Jolie
88.8%
Cameron Diaz
86.6%
Ariana Grande
82.7%
Eddie Murphy
82.4%
Ben Affleck
81.8%
Emma Stone
79.1%
% Correct
Sandra Bullock
78.7%
Kevin Spacey
75.5%
Harry Styles
72.9%
Anne Hathaway
70.8%
Katie Holmes
62.8%
Demi Lovato
52.8%
Kate Upton
48%
Chris Pine
44.3%
Remove Ads.
Support Sporcle.
Get the best of Sporcle when you Go Orange. This ad-free experience offers more features, more stats, and more fun while also helping to support Sporcle. Thank you for becoming a member.

You're not logged in!

Compare scores with friends on all Sporcle quizzes.
OR
Log In

Show Comments

Extras

Top Quizzes Today


Score Distribution

Your Account Isn't Verified!

In order to create a playlist on Sporcle, you need to verify the email address you used during registration. Go to your Sporcle Settings to finish the process.

Report this User

Report this user for behavior that violates our Community Guidelines.

Details: